Indian economy: (Record no. 193114)

MARC details
000 -LEADER
fixed length control field 00771nam a22002057a 4500
005 - DATE AND TIME OF LATEST TRANSACTION
control field 20221017104452.0
010 ## - LCCN (DPL NO)
LC control number B-745975
020 ## - INTERNATIONAL STANDARD BOOK NUMBER
International Standard Book Number 9788193746851
Terms of availability 495.00
035 ## - SYSTEM CONTROL NUMBER
System control number B-745975
037 ## - SOURCE OF ACQUISITION
Stock number OakBridge
082 ## - DEWEY DECIMAL CLASSIFICATION NUMBER
Classification number 330.954
100 ## - MAIN ENTRY--PERSONAL NAME
Personal name Sinha, Amit
245 ## - TITLE STATEMENT
Title Indian economy:
Remainder of title From seclusion to inclusion/
Statement of responsibility, etc Amit Sinha
260 ## - PUBLICATION, DISTRIBUTION, ETC. (IMPRINT)
Place of publication, distribution, etc Haryana
Name of publisher, distributor, etc OakBridge
Date of publication, distribution, etc 2018
270 ## - ADDRESS
Address M35, 1st floor, old dlf, Gurugram
City Haryana
Postal code 122001
Telephone number +911244305970
Electronic mail address info@oakbridge.in
300 ## - PHYSICAL DESCRIPTION
Extent xxxiv,V.P
Other physical details 23cm. (pbk)
500 ## - GENERAL NOTE
General note For civil services preliminary and main examinations.<br/>Previous year question papers are available in last chapter.
942 ## - ADDED ENTRY ELEMENTS (KOHA)
Source of classification or shelving scheme Dewey Decimal Classification
Item type English Books
Call number suffix SIN
Classification part 330.954
Holdings
Withdrawn status Lost status Not for loan Collection code Home library Current library Date acquired Source of acquisition Cost, normal purchase price Full call number Barcode Copy number Cost, replacement price Koha item type Public note
      Non-fiction Central Library Central Library 17/10/2022 6.10.22/Gift 495.00 330.954 SIN B-745975 1 495.00 English Books Gift

© Delhi Public Library
Hit Counter
free hit counter